| 000 | 00317nam a22000977a 4500 | ||
|---|---|---|---|
| 008 | 150616b xxu||||| |||| 00| 0 eng d | ||
| 010 | _8HCCRSF:002 | ||
| 245 | _aHIGH COURT CRIMINAL SESSION NO.208 OF 1969 Uganda Vs Kayanda s/o Mikairi Karutale | ||
| 260 | _aHigh Court Kampala | ||
| 500 | _3BEFORE: Hon. Mr. Justice J.E. Mead | ||
| 999 |
_c6243 _d6243 |
||